000 00556nam a2200205Ia 4500
008 230125s9999 xx 000 0 und d
020 _a978-93-5032-144-7
041 _aeng
082 _a658.018
_bKHA
100 _aKhandelwal R M
_9117477
245 _aHandbook Of Business Studies And Research Vol - 1
260 _c2017
_bShree Niwas Publication
_aJaipur
300 _a338p
440 _v3
500 _aResearch methodology;
650 _aResearch Methodology
700 _aKhandelwal R M
_9117477
906 _b27
999 _c95295
_d95295